<?xml version="1.0" encoding="UTF-8"?>
<record
    xmlns:xsi="http://www.w3.org/2001/XMLSchema-instance"
    xsi:schemaLocation="http://www.loc.gov/MARC21/slim http://www.loc.gov/standards/marcxml/schema/MARC21slim.xsd"
    xmlns="http://www.loc.gov/MARC21/slim">

  <leader>00963nac a22002171u 4500</leader>
  <controlfield tag="008">100810s    Ua||||| |||| 001 0 ara d</controlfield>
  <datafield tag="082" ind1=" " ind2=" ">
    <subfield code="b">&#x628; &#x62F; &#x648;</subfield>
    <subfield code="a">269.92</subfield>
  </datafield>
  <datafield tag="100" ind1=" " ind2=" ">
    <subfield code="a">&#x628;&#x62F;&#x648;&#x64A;&#x60C;&#x639;&#x628;&#x62F; &#x627;&#x644;&#x631;&#x62D;&#x645;&#x646;</subfield>
    <subfield code="9">16353</subfield>
  </datafield>
  <datafield tag="245" ind1=" " ind2=" ">
    <subfield code="a">&#x634;&#x647;&#x64A;&#x62F;&#x629; &#x627;&#x644;&#x639;&#x634;&#x642; &#x627;&#x644;&#x623;&#x644;&#x647;&#x64A;:</subfield>
    <subfield code="b">&#x631;&#x627;&#x628;&#x639;&#x629; &#x627;&#x644;&#x639;&#x62F;&#x648;&#x64A;&#x629;/</subfield>
    <subfield code="c">&#x639;&#x628;&#x62F;&#x627;&#x644;&#x631;&#x62D;&#x645;&#x646; &#x628;&#x62F;&#x648;&#x64A;</subfield>
  </datafield>
  <datafield tag="260" ind1=" " ind2=" ">
    <subfield code="a">&#x627;&#x644;&#x642;&#x627;&#x647;&#x631;&#x629;:</subfield>
    <subfield code="b">&#x645;&#x643;&#x62A;&#x628;&#x629; &#x627;&#x644;&#x646;&#x647;&#x636;&#x629; &#x627;&#x644;&#x645;&#x635;&#x631;&#x64A;&#x629;&#x60C;[&#x62F;.&#x62A;]</subfield>
    <subfield code="c">[&#x62F;.&#x62A;]</subfield>
  </datafield>
  <datafield tag="300" ind1=" " ind2=" ">
    <subfield code="a">190 &#x635;&#x61B;</subfield>
    <subfield code="c">24 &#x633;&#x645;</subfield>
  </datafield>
  <datafield tag="490" ind1=" " ind2=" ">
    <subfield code="9">16364</subfield>
    <subfield code="a">&#x61B;&#x62F;&#x631;&#x627;&#x633;&#x627;&#x62A; &#x627;&#x633;&#x644;&#x627;&#x645;&#x64A;&#x629;</subfield>
    <subfield code="n">8</subfield>
  </datafield>
  <datafield tag="500" ind1=" " ind2=" ">
    <subfield code="a">&#x64A;&#x634;&#x62A;&#x645;&#x644; &#x639;&#x644;&#x64A; &#x643;&#x634;&#x627;&#x641;</subfield>
  </datafield>
  <datafield tag="511" ind1=" " ind2=" ">
    <subfield code="a">Catalogued by: Sara</subfield>
  </datafield>
  <datafield tag="541" ind1=" " ind2=" ">
    <subfield code="a">&#x623;&#x644;&#x641; &#x628;&#x627;&#x621;</subfield>
    <subfield code="c">&#x634;&#x631;&#x627;&#x621;</subfield>
  </datafield>
  <datafield tag="600" ind1=" " ind2=" ">
    <subfield code="9">22405</subfield>
    <subfield code="a">&#x631;&#x627;&#x628;&#x639;&#x629; &#x627;&#x644;&#x639;&#x62F;&#x648;&#x64A;&#x629;</subfield>
  </datafield>
  <datafield tag="650" ind1=" " ind2=" ">
    <subfield code="a">&#x627;&#x644;&#x62A;&#x635;&#x648;&#x641; &#x627;&#x644;&#x625;&#x633;&#x644;&#x627;&#x645;&#x64A;</subfield>
    <subfield code="9">16733</subfield>
  </datafield>
  <datafield tag="650" ind1=" " ind2=" ">
    <subfield code="a">&#x627;&#x644;&#x645;&#x62A;&#x635;&#x648;&#x641;&#x648;&#x646;</subfield>
    <subfield code="9">16077</subfield>
  </datafield>
  <datafield tag="942" ind1=" " ind2=" ">
    <subfield code="c">BB</subfield>
    <subfield code="k">296.92 &#x628; &#x62F; &#x648;</subfield>
    <subfield code="2">ddc</subfield>
  </datafield>
  <datafield tag="999" ind1=" " ind2=" ">
    <subfield code="c">6784</subfield>
    <subfield code="d">6784</subfield>
  </datafield>
  <datafield tag="952" ind1=" " ind2=" ">
    <subfield code="0">0</subfield>
    <subfield code="1">0</subfield>
    <subfield code="2">ddc</subfield>
    <subfield code="4">0</subfield>
    <subfield code="7">0</subfield>
    <subfield code="8">Alef-Baa</subfield>
    <subfield code="a">MAIN</subfield>
    <subfield code="b">MAIN</subfield>
    <subfield code="c">LOW</subfield>
    <subfield code="d">2010-08-10</subfield>
    <subfield code="e">purchase</subfield>
    <subfield code="o">269.92 &#x628; &#x62F; &#x648;</subfield>
    <subfield code="p">000008434</subfield>
    <subfield code="r">2025-07-15 00:00:00</subfield>
    <subfield code="y">BB</subfield>
  </datafield>
</record>
